000 00787nam a2200205#a 4500
005 20250221133245.0
008 081024s1993 ag |||| ||||||spa d
082 1 4 _214
_a302
245 1 3 _aLa sociología en las instituciones /
_ccompiladores Paul F. Lazarsfeld, William H. Sewell y Harold L. Wilensky
260 _aBuenos Aires :
_bPaidós,
_c1967.
300 _a263 p.
440 _aBiblioteca de Psicología y Sociología Aplicadas. Serie Fundamental
_v6
_918228
650 0 _aCONDUCTA ORGANIZACIONAL
_93681
650 0 _aORGANIZACIONES
_9709
700 1 _96300
_aLazarsfeld, Paul F.
_ecomp.
700 1 _921204
_aSewell, William H.
_ecomp.
700 1 _921205
_aWilensky, Harold L.
_ecomp.
942 _2ddc
_cLIBRO
980 _619226
_a Palazón Marcela I.
_819226
_g Palazón Marcela I.
999 _c10719
_d10719